00535nam a2200193 a 4500001001300000003000900013005001700022008004100039020001000080082001600090100002400106245008100130260003200211300000800243500003500251505001700286650001400303700002400317nice12345678IN_TiNIC20260116013800.0050524s1991 newa grp 000 0 eng  ac23000a303.69bLED aLederach, John Paul aBeyond Prescriptionb New Lenses for Conflict Resolution Training Across Cul aNew DelhibAPH Pub.Coc1991 a41p aincludes index and biblioraphy2 aBibliography aMediation1 aLederach, John Paul